Moral Luck. Philosophical Papers 1973-1980

A new volume of philosophical essays by Bernard Williams. The book is a successor to Problems of the Self (CUP 1973), but whereas that volume dealt mainly with questions of personal identity, Moral Luck centres on questions of moral philosophy and the theory of rational action. That whole area has o...

Descripció completa

Guardat en:
Dades bibliogràfiques
Autor principal: Williams, Bernard (Autor)
Format: Desconegut
Idioma:anglès
Publicat: Cambridge, United Kingdom: Cambridge University Press, 1981.
Edició:First published.
Matèries:
Etiquetes: Afegir etiqueta
Sense etiquetes, Sigues el primer a etiquetar aquest registre!

MARC

LEADER 00000 a2200000 4500
003 CL-VaPUC
005 20220319074528.0
008 211123b1981 ||||| |||| 00| 0 eng d
999 |c 434084  |d 434082 
020 |a 9780521286916 
020 |a 0-521-28691-3 
040 |c Pontificia Universidad Católica de Valparaíso 
082 |a 170 WIL 1981  |2 22 
100 |a Williams, Bernard  |9 864475  |e author  
245 |a Moral Luck.  |b Philosophical Papers 1973-1980 
250 |a First published. 
260 |a Cambridge, United Kingdom:  |b Cambridge University Press,  |c 1981. 
300 |a xiii, 173 páginas. 
520 |a A new volume of philosophical essays by Bernard Williams. The book is a successor to Problems of the Self (CUP 1973), but whereas that volume dealt mainly with questions of personal identity, Moral Luck centres on questions of moral philosophy and the theory of rational action. That whole area has of course been strikingly reinvigorated over the last decade, and philosophers have both broadened and deepened their concerns in a way that now makes much earlier moral and political philosophy look sterile and trivial. Moral Luck contains a number of essays that have contributed influentially to this development. Among the recurring themes are the moral and philosophical limitations of utilitarianism, the notion of integrity, relativism, and problems of moral conflict and rational choice. The work presented here is marked by a high psychological reality. The volume will be a stimulating source of ideas and arguments for all philosophers and wide range of other readers. 
583 |k Yessy Sthefany Díaz Vidal.  |c 20211210 
650 0 |a Ética  |x Ensayos filosóficos  |9 255099 
650 0 |a Filosofía moral   |9 310115 
650 0 |a Utilitarismo   |9 321614  |v Filosofía y moral 
650 0 |a Relativismo  |v Psicología  |9 865169 
942 |2 ddc  |c BK 
952 |0 0  |1 0  |2 ddc  |4 0  |6 170_000000000000000_WIL_1981  |7 0  |8 A  |9 579364  |a BIBEDU  |b BIBEDU  |d 2021-11-22  |e 1  |g 24829.80  |i 5627141  |l 1  |o 170 WIL 1981  |p 5627141  |r 2023-04-04  |s 2023-04-04  |t 1  |v 24829.80  |w 2021-11-22  |y BK  |k FIL